Countries - Same Name in English - Statistics

General Stats
  • This quiz has been taken 7 times
    2 since last reset
  • The average score is 23 of 40
Answer Stats
Language Country % Correct
Portuguese Angola
100%
Spanish Chile
100%
Spanish Colombia
100%
Spanish Cuba
100%
French France
100%
Spanish Honduras
100%
Spanish Mexico | México
100%
Spanish Panama | Panamá
100%
Spanish Peru | Perú
100%
Portuguese Portugal
100%
Spanish Uruguay
100%
Spanish Venezuela
100%
Vietnamese Vietnam | Việt Nam
100%
Catalan Andorra
50%
Spanish Argentina
50%
Spanish Bolivia
50%
Spanish Costa Rica
50%
Spanish Ecuador
50%
Spanish El Salvador
50%
Spanish Guatemala
50%
Indonesian Indonesia
50%
German Liechtenstein
50%
French Luxembourg
50%
Malay Malaysia
50%
French Mali
50%
Spanish Nicaragua
50%
French Niger
50%
Spanish Paraguay
50%
Romanian Romania | România
50%
Italian San Marino
50%
French Senegal | Sénégal
50%
Turkmen Turkmenistan | Türkmenistan
50%
French Benin | Bénin
0%
Malay Brunei
0%
French Burkina Faso
0%
French Burundi
0%
French Djibouti
0%
French Madagascar
0%
Romanian Moldova
0%
French Togo
0%
No matching quizzes found
Score Distribution
Percent of People with Each Score
Percentile by Number Answered
Your Score History
You have not taken this quiz since the last reset